Staff termination prediction using GenAI / (Record no. 234520)
[ view plain ]
| 000 -LEADER | |
|---|---|
| fixed length control field | 00534nam a22001697a 4500 |
| 003 - CONTROL NUMBER IDENTIFIER | |
| control field | OSt |
| 005 - DATE AND TIME OF LATEST TRANSACTION | |
| control field | 20250630090524.0 |
| 008 - FIXED-LENGTH DATA ELEMENTS--GENERAL INFORMATION | |
| fixed length control field | 250624b |||||||| |||| 00| 0 eng d |
| 040 ## - CATALOGING SOURCE | |
| Transcribing agency | AIMIT LIBRARY |
| 100 ## - MAIN ENTRY--PERSONAL NAME | |
| Personal name | Menezes, Alory. |
| Relator term | 222101 |
| 9 (RLIN) | 215909 |
| 245 ## - TITLE STATEMENT | |
| Title | Staff termination prediction using GenAI / |
| Statement of responsibility, etc. | By Alroy Menezes |
| 260 ## - PUBLICATION, DISTRIBUTION, ETC. | |
| Place of publication, distribution, etc. | Mangalore ; |
| Date of publication, distribution, etc. | 2024. |
| 700 ## - ADDED ENTRY--PERSONAL NAME | |
| Personal name | Hemalatha N. |
| Relator term | Mentor |
| 9 (RLIN) | 215910 |
| 700 ## - ADDED ENTRY--PERSONAL NAME | |
| Personal name | Rai, Bhavya. |
| Relator term | Guide |
| 9 (RLIN) | 215911 |
| 856 ## - ELECTRONIC LOCATION AND ACCESS | |
| Materials specified | MResult Technologies Private Limited Kodialbail, Mangalore |
| 942 ## - ADDED ENTRY ELEMENTS (KOHA) | |
| Source of classification or shelving scheme | Dewey Decimal Classification |
| Koha item type | Project Report |
| Withdrawn status | Lost status | Source of classification or shelving scheme | Damaged status | Not for loan | Collection code | Home library | Current library | Date acquired | Total Checkouts | Barcode | Date last seen | Copy number | Price effective from | Koha item type |
|---|---|---|---|---|---|---|---|---|---|---|---|---|---|---|
| Dewey Decimal Classification | Not for loan | Project Report M.Sc. Data Science | St Aloysius Institute of Management & Information Technology | St Aloysius Institute of Management & Information Technology | 08/01/2024 | PDS00001 | 06/24/2025 | 222101 | 06/24/2025 | Project Report |